[Event "59th World Juniors 2022"]
[Site "Cala Gonone ITA"]
[Date "2022.10.22"]
[Round "11.17"]
[White "Prraneeth, Vuppala"]
[Black "Milikow, Yoav"]
[Result "1-0"]
[WhiteTitle "IM"]
[BlackTitle "IM"]
[WhiteElo "2451"]
[BlackElo "2412"]
[WhiteFideId "46622373"]
[BlackFideId "2822237"]
[EventDate "2022.10.12"]

1. e4 e5 2. Nf3 Nf6 3. d4 Nxe4 4. Bd3 Nc6 5. Nxe5 Nxe5 6. dxe5 Nc5 7. Bc4 d6 8.
Qf3 Qd7 9. exd6 Bxd6 10. Be3 O-O 11. Nc3 Qf5 12. Qxf5 Bxf5 13. O-O-O Be6 14. Bd5
Bxd5 15. Rxd5 Ne6 16. Nb5 Be7 17. Rd7 Bd8 18. Nxa7 Bg5 19. Bxg5 Nxg5 20. Nb5
Rxa2 21. Kb1 Ra5 22. Nxc7 Ne4 23. Rd4 Nf6 24. Rhd1 Rg5 25. g3 Rh5 26. h4 Re5 27.
f3 g5 28. Nd5 Kg7 29. Nxf6 Kxf6 30. Rd6+ Re6 31. hxg5+ Kxg5 32. R1d5+ Kg6 33. b4
Rc8 34. Kb2 Rc7 35. Kb3 h5 36. Rxe6+ fxe6 37. Re5 Rg7 38. Rxe6+ Kh7 39. Re5 Rxg3
40. Rxh5+ Kg6 41. Rc5 Rxf3+ 42. Rc3 Rxc3+ 43. Kxc3 Kf6 44. Kd4 Ke7 45. Kc5 Kd7
46. Kb6 Kc8 47. Ka7 Kc7 48. b5 1-0

[Event "59th World Juniors 2022"]
[Site "Cala Gonone ITA"]
[Date "2022.10.22"]
[Round "11.18"]
[White "Neelash, Saha"]
[Black "Rohith, Krishna S"]
[Result "1-0"]
[WhiteTitle "IM"]
[BlackTitle "FM"]
[WhiteElo "2446"]
[BlackElo "2370"]
[WhiteFideId "5094160"]
[BlackFideId "46617051"]
[EventDate "2022.10.12"]

1. d4 d5 2. c4 e6 3. Nf3 Nf6 4. Nc3 Be7 5. Bf4 O-O 6. e3 b6 7. Bd3 dxc4 8. Bxc4
Ba6 9. Bxa6 Nxa6 10. Qa4 Nb4 11. O-O c5 12. dxc5 bxc5 13. Ne5 Qe8 14. Qxe8 Rfxe8
15. Rfd1 Nbd5 16. Nxd5 exd5 17. Rac1 h6 18. Bg3 Rab8 19. b3 Rb5 20. Rc2 Bf8 21.
Nf3 Rd8 22. Rcd2 Bd6 23. Ne5 Re8 24. Ng4 Nxg4 25. Bxd6 Nf6 26. Rc2 Ne4 27. Bc7
Re7 28. Bd8 Rd7 29. f3 Nd6 30. Bh4 Nc8 31. Rd3 Nb6 32. Be1 Re7 33. a4 c4 34.
bxc4 Rb1 35. Kf2 dxc4 36. Rd8+ Kh7 37. a5 Nd7 38. Rxc4 Rb2+ 39. Kg3 Rxe3 40. Bc3
Ne5 41. Rc7 Ra2 42. h4 h5 43. Rd5 f6 44. Bxe5 Rxe5 45. Rdd7 Kg6 46. Rxg7+ Kf5
47. a6 Rxa6 48. Rh7 Ke6 49. Rce7+ Kd6 50. Rxe5 Kxe5 51. Rxh5+ f5 52. Kh3 Ra3 53.
Rh6 Ra1 54. Kh2 f4 55. h5 Kf5 56. Rc6 Re1 57. Ra6 Re7 58. Ra5+ Kf6 59. Kh3 Rg7
60. h6 Rg3+ 61. Kh2 Rg6 62. Rh5 Rg8 63. h7 Rh8 64. Kh3 a5 65. Kg4 a4 66. Kxf4 a3
67. Ra5 Rxh7 68. Rxa3 Rb7 69. Ra6+ Kf7 70. g4 Rb4+ 71. Kg3 Rb3 72. g5 Rc3 73.
Kg4 Rc4+ 74. f4 Rb4 75. Rf6+ Kg7 76. Kh5 Ra4 77. Kg4 Rb4 78. Rd6 Ra4 79. Kf5
Ra5+ 80. Ke4 Ra4+ 81. Rd4 Ra1 82. f5 Re1+ 83. Kf4 Rf1+ 84. Kg4 Rg1+ 85. Kh5 Rh1+
86. Rh4 Rf1 87. f6+ Kf7 88. Kg4 Rg1+ 89. Kf5 Rf1+ 90. Rf4 Ra1 91. g6+ Kf8 92.
Rb4 Rf1+ 93. Ke5 Re1+ 94. Kd4 Rd1+ 95. Ke3 Re1+ 96. Kf2 Re8 97. Rb7 Ra8 98. Kg3
Kg8 99. Kg4 Kh8 100. Kg5 Kg8 101. Kh6 Rf8 102. f7+ Kh8 103. g7# 1-0

[Event "59th World Juniors 2022"]
[Site "Cala Gonone ITA"]
[Date "2022.10.22"]
[Round "11.19"]
[White "Isik, Alparslan"]
[Black "Gurel, Ediz"]
[Result "1/2-1/2"]
[WhiteTitle "FM"]
[BlackTitle "IM"]
[WhiteElo "2377"]
[BlackElo "2445"]
[WhiteFideId "34506896"]
[BlackFideId "44507356"]
[EventDate "2022.10.12"]

1. d4 Nf6 2. c4 e6 3. Nf3 b6 4. a3 Bb7 5. Nc3 d5 6. cxd5 Nxd5 7. Qc2 Be7 8. e4
Nxc3 9. bxc3 O-O 10. Bd3 c5 11. O-O Qc7 12. Qe2 Nd7 13. Bd2 Rac8 14. a4 Rfd8 15.
Rfb1 h6 16. h3 Ba8 17. e5 cxd4 18. cxd4 Bd5 19. Ba6 Bc4 20. Bxc4 Qxc4 21. Qxc4
Rxc4 22. a5 Rdc8 23. axb6 axb6 24. Ra7 R8c7 25. Ra8+ Rc8 26. Ra7 R8c7 27. Ra8+
Rc8 28. Ra7 R8c7 29. Ra8+ Rc8 30. Ra7 R8c7 1/2-1/2

[Event "59th World Juniors 2022"]
[Site "Cala Gonone ITA"]
[Date "2022.10.22"]
[Round "11.20"]
[White "Lumachi, Gabriele"]
[Black "Boyer, Mahel"]
[Result "1-0"]
[WhiteTitle "FM"]
[BlackTitle "IM"]
[WhiteElo "2387"]
[BlackElo "2445"]
[WhiteFideId "2817247"]
[BlackFideId "45102422"]
[EventDate "2022.10.12"]

1. d4 e6 2. c4 f5 3. Nc3 Nf6 4. e3 b6 5. Bd3 Bb7 6. f3 c5 7. Nge2 Nc6 8. O-O Bd6
9. dxc5 Bxc5 10. a3 a5 11. Na4 O-O 12. Nxc5 bxc5 13. Bd2 Qe7 14. Be1 Ba6 15. Qc2
Ne5 16. Nc1 d6 17. Bxa5 Nxc4 18. Bxc4 Bxc4 19. Qxc4 Rxa5 20. Nd3 Rfa8 21. Rae1
d5 22. Qf4 Rb5 23. Rc1 Nd7 24. e4 Rb3 25. Rfd1 fxe4 26. fxe4 e5 27. Qd2 d4 28.
Qc2 Qe6 29. Rd2 Ra5 30. Rf2 h6 31. Rf5 Kh7 32. Rcf1 c4 33. Nf4 Qa6 34. Nh5 d3
35. Qf2 Qg6 36. Qf3 d2 37. Qd1 Rd3 38. Rf7 Qb6+ 39. Kh1 Kh8 40. Qg4 g6 41. Rxd7 1-0

[Event "59th World Juniors 2022"]
[Site "Cala Gonone ITA"]
[Date "2022.10.22"]
[Round "11.21"]
[White "Ghimpu, Samuel-Timotei"]
[Black "Vestby-Ellingsen, Mads"]
[Result "1/2-1/2"]
[WhiteTitle "FM"]
[BlackTitle "IM"]
[WhiteElo "2434"]
[BlackElo "2365"]
[WhiteFideId "1238175"]
[BlackFideId "1520857"]
[EventDate "2022.10.12"]

1. d4 Nf6 2. Nf3 d5 3. Bf4 c5 4. e3 Nc6 5. Nbd2 cxd4 6. exd4 Bf5 7. c3 e6 8. Qb3
Qc8 9. Nh4 Bg4 10. h3 Bh5 11. g4 Bg6 12. Nxg6 hxg6 13. Be2 a6 14. h4 b5 15. a3
Be7 16. Qd1 Qd8 17. a4 b4 18. a5 Bd6 19. Be3 bxc3 20. bxc3 Qc7 21. Bf3 Bf4 22.
Qa4 Rc8 23. Ke2 O-O 24. c4 e5 25. cxd5 Nxd4+ 26. Bxd4 exd4 27. Rad1 Rfe8+ 28.
Kf1 Qc3 29. Rh3 Bxd2 30. g5 Nxd5 31. Bg4 Qc2 32. Qxd4 Rc4 33. Qxd2 Qxd2 34. Rxd2
Re5 35. Be2 Rc1+ 36. Rd1 Rc2 37. Bxa6 Rf5 38. Kg1 Nb4 39. Bb7 Rxa5 40. Rb3 Rc4
41. Rdb1 Ra4 42. f3 Rxh4 43. Be4 Na6 44. Rc3 Kh7 45. Kf2 f5 46. gxf6 gxf6 47.
Rc6 Rh5 48. Rb7+ Kh6 49. Rxf6 Rg5 50. Rff7 Rc5 51. Kg3 Rg5+ 52. Kf4 Rf5+ 53.
Rxf5 gxf5 54. Kxf5 Nc5 55. Rc7 Rc4 56. Bd5 Rc3 57. f4 Ne4 58. Ra7 Ng3+ 59. Kg4
Kg6 60. Bf3 Nf5 61. Ra6+ Kg7 62. Be4 Nh6+ 63. Kh4 Rc4 64. Re6 Kf7 65. Re5 Kf6
66. Kh5 Nf7 67. Rf5+ Ke6 68. Bb1 Rb4 69. Kg6 Nh8+ 70. Kg7 Rxb1 71. Re5+ Kd6 72.
Kxh8 Rf1 73. Re4 Kd5 74. Ra4 Ke6 75. f5+ Rxf5 76. Ra6+ Kf7 77. Ra7+ Kf8 78. Ra8+
Kf7 1/2-1/2

[Event "59th World Juniors 2022"]
[Site "Cala Gonone ITA"]
[Date "2022.10.22"]
[Round "11.22"]
[White "Moksh, Amit Doshi"]
[Black "Galaviz Medina, Sion Radamantys"]
[Result "1/2-1/2"]
[WhiteTitle "IM"]
[BlackTitle "IM"]
[WhiteElo "2430"]
[BlackElo "2345"]
[WhiteFideId "25064967"]
[BlackFideId "5123119"]
[EventDate "2022.10.12"]

1. d4 Nf6 2. c4 e6 3. Nf3 d5 4. Nc3 dxc4 5. Qa4+ Nbd7 6. e4 c6 7. Qxc4 Be7 8.
Be2 O-O 9. O-O Qc7 10. Bg5 Re8 11. Rac1 e5 12. d5 c5 13. b4 a6 14. a4 Qd6 15.
bxc5 Nxc5 16. Be3 Ng4 17. Bxc5 Qxc5 18. h3 Qxc4 19. Bxc4 Nf6 20. Nxe5 Bb4 21.
Nf3 Bxc3 22. Rxc3 Nxe4 23. Re3 Bd7 24. Rfe1 Nd6 25. Bb3 Rxe3 26. Rxe3 Kf8 27.
Ne5 Be8 28. Kf1 Rc8 29. Ke2 Rc1 30. Kd2 Ra1 31. Kc3 a5 32. Bc2 Ra2 33. g4 f6 34.
Nf3 Bxa4 35. Bxh7 Kf7 36. Kd4 b6 37. Bd3 Bc2 38. Ba6 Be4 39. Rb3 Ra4+ 40. Ke3
Rb4 41. Rxb4 axb4 42. Nd2 Bxd5 43. Kd4 Bg2 44. h4 Bc6 45. Bd3 Ke7 46. f4 Nb5+
47. Kc4 Nc3 48. g5 Bb5+ 49. Kxb4 Bxd3 50. Kxc3 Bg6 1/2-1/2

[Event "59th World Juniors 2022"]
[Site "Cala Gonone ITA"]
[Date "2022.10.22"]
[Round "11.23"]
[White "Manish Anto, Cristiano F"]
[Black "Droin, Augustin"]
[Result "1-0"]
[WhiteTitle "IM"]
[BlackTitle "FM"]
[WhiteElo "2332"]
[BlackElo "2416"]
[WhiteFideId "25095927"]
[BlackFideId "45105987"]
[EventDate "2022.10.12"]

1. e4 c5 2. Nf3 d6 3. d4 cxd4 4. Nxd4 Nf6 5. Nc3 Bd7 6. Bg5 e6 7. Ndb5 Bc6 8.
Bxf6 gxf6 9. Qh5 a6 10. Nd4 Bd7 11. O-O-O Nc6 12. Nb3 b5 13. f4 b4 14. Ne2 Rc8
15. f5 e5 16. Ng3 a5 17. Bc4 Qe7 18. Nf1 a4 19. Nbd2 Na5 20. Ne3 Bc6 21. Be6 Rc7
22. Kb1 Bg7 23. Rhf1 b3 24. axb3 axb3 25. Nxb3 O-O 26. Nd5 Bxd5 27. Bxd5 Nxb3
28. cxb3 Rc5 29. Rf3 Qa7 30. Rg3 Kh8 31. b4 Rb5 32. Rh3 h6 33. Rb3 Qa4 34. Qf3
Rxb4 35. Rxb4 Qxb4 36. Qb3 Qc5 37. Rc1 Qf2 38. Qc2 Qe3 39. Qc4 h5 40. Qc3 Qg5
41. Qg3 Qd2 42. Rc2 Qd1+ 43. Rc1 Qd2 44. Qf3 Bh6 45. Rd1 Qg5 46. g3 Kg7 47. h4
Qe3 48. Rd3 Qc1+ 49. Ka2 Rb8 50. Rb3 Rxb3 51. Bxb3 Qc7 52. Bd5 Qa7+ 53. Qa3 Qb6
54. Qa4 Bc1 55. Qc2 Be3 56. Qe2 Bd4 57. g4 hxg4 58. Qxg4+ Kh6 59. Qe2 Kg7 60.
Kb1 Kf8 61. h5 Kg7 62. Qg2+ 1-0

[Event "59th World Juniors 2022"]
[Site "Cala Gonone ITA"]
[Date "2022.10.22"]
[Round "11.24"]
[White "Zemach, Nadav"]
[Black "Sokolovsky, Yahli"]
[Result "1-0"]
[WhiteTitle "FM"]
[BlackTitle "FM"]
[WhiteElo "2293"]
[BlackElo "2416"]
[WhiteFideId "2820927"]
[BlackFideId "2820242"]
[EventDate "2022.10.12"]

1. d4 Nf6 2. c4 g6 3. g3 Bg7 4. Bg2 d6 5. Nc3 O-O 6. Nf3 c6 7. e4 Be6 8. Qe2 Bg4
9. h3 Bxf3 10. Bxf3 Nfd7 11. Be3 c5 12. Qd2 Nc6 13. Ne2 cxd4 14. Nxd4 Nxd4 15.
Bxd4 Bxd4 16. Qxd4 Ne5 17. Be2 Qa5+ 18. Qd2 Qxd2+ 19. Kxd2 Nc6 20. Rac1 b6 21.
h4 Rac8 22. h5 Nd4 23. f4 e5 24. hxg6 hxg6 25. Bg4 Rc7 26. f5 Kg7 27. Rcf1 gxf5
28. exf5 Kf6 29. Kd3 Rcc8 30. Bd1 Rh8 31. g4 b5 32. cxb5 d5 33. a4 Kg5 34. f6
Rxh1 35. Rxh1 Rc7 36. Rh8 Kf4 37. Rd8 Rc1 38. Kd2 Rb1 39. Rxd5 Rxb2+ 40. Kc1 Ra2
41. g5 Rg2 42. Rd7 Rxg5 43. Rxa7 e4 44. Rxf7 Rc5+ 45. Kb2 Ke5 46. Rd7 Ne6 47. f7
Kf6 48. Rd6 1-0

[Event "59th World Juniors 2022"]
[Site "Cala Gonone ITA"]
[Date "2022.10.22"]
[Round "11.25"]
[White "Flores Quillas, Diego Saul Rodri"]
[Black "Veiga, Jose Francisco R P Neves"]
[Result "1-0"]
[WhiteTitle "FM"]
[BlackTitle "IM"]
[WhiteElo "2291"]
[BlackElo "2409"]
[WhiteFideId "3822508"]
[BlackFideId "1930087"]
[EventDate "2022.10.12"]

1. e4 e5 2. Nf3 Nc6 3. Bb5 a6 4. Ba4 Nge7 5. c3 g6 6. d4 exd4 7. cxd4 Bg7 8. O-O
O-O 9. h3 b5 10. Bb3 d6 11. Nc3 Na5 12. Bc2 c5 13. Bg5 h6 14. Bh4 Nac6 15. d5
Nd4 16. Nxd4 Bxd4 17. Rb1 g5 18. Bg3 f5 19. Ne2 f4 20. Nxd4 cxd4 21. Bh2 f3 22.
Qxd4 Bxh3 23. gxh3 Qd7 24. Kh1 Qxh3 25. Rg1 Rf4 26. Rg3 Qh5 27. Qd1 Raf8 28. e5
dxe5 29. d6 Rh4 30. Qg1 Nc6 31. Bd1 Nd4 32. Rc1 Rd8 33. Rc3 e4 34. Rc5 Ne6 35.
Bb3 Qf7 36. Rc7 Qf6 37. Bxe6+ Kh8 38. Rh3 1-0

[Event "59th World Juniors 2022"]
[Site "Cala Gonone ITA"]
[Date "2022.10.22"]
[Round "11.26"]
[White "Peyrer, Konstantin"]
[Black "Andreev, Konstantin"]
[Result "1-0"]
[WhiteTitle "FM"]
[BlackTitle "CM"]
[WhiteElo "2402"]
[BlackElo "2206"]
[WhiteFideId "1640879"]
[BlackFideId "24239305"]
[EventDate "2022.10.12"]

1. d4 Nf6 2. Nf3 e6 3. Bf4 b6 4. a3 Bb7 5. c4 d5 6. Nc3 a6 7. e3 c5 8. cxd5 Nxd5
9. Nxd5 Qxd5 10. dxc5 Bxc5 11. Qc2 Nd7 12. Rd1 Qc6 13. Bd3 Be7 14. Qb1 g5 15.
Bg3 g4 16. Nd2 Qxg2 17. Be4 Bxe4 18. Qxe4 Qxe4 19. Nxe4 Nc5 20. Nd6+ Bxd6 21.
Rxd6 b5 22. Bh4 Ne4 23. Rb6 Rc8 24. Ke2 f5 25. Rd1 Rc2+ 26. Ke1 O-O 27. Rxe6
Rfc8 28. Re5 Rxb2 29. Rxf5 Nc3 30. Rc1 Rb1 31. Rxb1 Nxb1 32. Be7 Rc3 33. Rf8+
Kg7 34. Ra8 Rc6 35. Bb4 Kf6 36. Ke2 Ke5 37. Kd3 Rf6 38. Re8+ Kd5 39. Rf8 Rh6 40.
Rd8+ Kc6 41. Rc8+ Kd7 42. Rc1 a5 43. Bxa5 Nxa3 44. Rc7+ Ke8 45. Rc8+ Kd7 46.
Rc7+ Ke8 47. Bb4 Nc4 48. Re7+ Kd8 49. Rb7 Rh5 50. Kd4 Kc8 51. Rg7 Rxh2 52. Rxg4
Rxf2 53. Rg5 Nxe3 54. Kxe3 Rf1 55. Rxb5 h5 56. Rxh5 Rd1 57. Bd2 Kd7 58. Rh6 Ke7
59. Bc3 Kd7 60. Ke4 Kd8 61. Be5 Kd7 62. Bd4 Kd8 63. Kd5 Rd2 64. Rh7 Rd1 65. Kc5
Ke8 66. Rh4 Ke7 67. Kd5 Kd7 68. Rg4 Rd2 69. Rg1 Kd8 70. Rg7 Rd1 71. Ke5 Kc8 72.
Bc5 Rd7 73. Rg2 Kb7 74. Bd6 Rh7 75. Rg8 Rh5+ 76. Ke6 Kc6 77. Rc8+ Kb5 78. Be5
Rg5 79. Kd5 Rh5 80. Rc5+ Kb4 81. Rc2 Kb5 82. Rb2+ Ka5 83. Rb1 Rg5 84. Ke4 Rh5
85. Bd4 Ka6 86. Rb6+ Ka5 87. Kd3 Rb5 88. Rh6 Rb3+ 89. Kc4 Rb4+ 90. Kc5 Rb5+ 91.
Kc6 Ka6 92. Rh8 Rb6+ 93. Kc5 Rb7 94. Rh6+ Ka7 95. Kd5+ Kb8 96. Kc6 Rc7+ 97. Kb6
Rb7+ 98. Ka6 Re7 99. Rc6 Re8 100. Bc5 Ka8 101. Bd6 Rd8 102. Kb6 Re8 103. Rc7
Rb8+ 104. Ka6 Rb7 105. Rc8+ 1-0

[Event "59th World Juniors 2022"]
[Site "Cala Gonone ITA"]
[Date "2022.10.22"]
[Round "11.27"]
[White "Kozak, Antoni"]
[Black "Guz, Ari"]
[Result "1/2-1/2"]
[BlackTitle "FM"]
[WhiteElo "2440"]
[BlackElo "2305"]
[WhiteFideId "21832030"]
[BlackFideId "2825759"]
[EventDate "2022.10.12"]

1. e4 c6 2. Nf3 d5 3. d3 dxe4 4. dxe4 Qc7 5. Bc4 e5 6. Ng5 Nh6 7. O-O b5 8. Bb3
Nd7 9. a3 Nc5 10. Ba2 f6 11. b4 fxg5 12. bxc5 Bxc5 13. Bxg5 Nf7 14. Bxf7+ Kxf7
15. Qh5+ Kg8 16. Be3 g6 17. Qe2 Be7 18. Nd2 Kg7 19. f4 Rf8 20. fxe5 Be6 21. Bd4
Rxf1+ 22. Qxf1 Rf8 23. Nf3 Kg8 24. Qf2 a6 25. Bb6 Qd7 26. Qe3 Bg4 27. Rf1 Qe6
28. Qc3 c5 29. Bc7 Qc6 30. Bd6 Bxd6 31. exd6 Qxd6 32. Rf2 Qd1+ 33. Rf1 Qd6 34.
Rf2 Qd1+ 35. Rf1 Qd6 36. Rf2 Qd1+ 1/2-1/2

[Event "59th World Juniors 2022"]
[Site "Cala Gonone ITA"]
[Date "2022.10.22"]
[Round "11.28"]
[White "Baenziger, Fabian"]
[Black "Wartiovaara, Oliver"]
[Result "1-0"]
[WhiteTitle "IM"]
[WhiteElo "2439"]
[BlackElo "2297"]
[WhiteFideId "1330110"]
[BlackFideId "513024"]
[EventDate "2022.10.12"]

1. d4 Nf6 2. c4 e6 3. Nf3 d5 4. g3 Be7 5. Bg2 O-O 6. O-O dxc4 7. Qc2 a6 8. a4
Nc6 9. Qxc4 Na5 10. Qc2 b6 11. Ne5 Bb7 12. Bxb7 Nxb7 13. Nc6 Qe8 14. Rd1 Bc5 15.
Ne5 Bd6 16. Nc3 c5 17. Ne4 Nxe4 18. Qxe4 Na5 19. dxc5 Bxe5 20. Qxe5 Nb3 21. Ra3
Nxc5 22. a5 Rd8 23. Rxd8 Qxd8 24. Be3 Qd1+ 25. Kg2 Qxe2 26. axb6 Nd3 27. Rxd3
Qxd3 28. Bd4 f6 29. Qxe6+ Kh8 30. Bc5 Rd8 31. b7 Qb5 32. Bb6 Rg8 33. Qxg8+ Kxg8
34. b8=Q+ Kf7 35. Qb7+ Kf8 36. Qa8+ 1-0

[Event "59th World Juniors 2022"]
[Site "Cala Gonone ITA"]
[Date "2022.10.22"]
[Round "11.29"]
[White "Harshavardhan, G B"]
[Black "Vagman, Roy"]
[Result "1-0"]
[WhiteTitle "IM"]
[BlackTitle "FM"]
[WhiteElo "2433"]
[BlackElo "2274"]
[WhiteFideId "25059009"]
[BlackFideId "2828995"]
[EventDate "2022.10.12"]

1. d4 d5 2. c4 e6 3. Nc3 c5 4. cxd5 cxd4 5. Qa4+ Bd7 6. Qxd4 exd5 7. Qxd5 Nf6 8.
Qd1 Bc5 9. e3 O-O 10. Nf3 Qe7 11. Be2 Rd8 12. O-O Nc6 13. a3 Rac8 14. b4 Bg4 15.
Qb3 Bd6 16. Bb2 Ne5 17. Nd4 Bxe2 18. Ncxe2 g6 19. Rad1 Bb8 20. Ng3 h5 21. e4 h4
22. Ngf5 gxf5 23. Nxf5 Qe6 24. Qe3 Nh7 25. f4 Ng4 26. Qh3 Ngf6 27. Qxh4 Kh8 28.
Nh6 Bc7 29. f5 Bb6+ 30. Kh1 Qe7 31. Ng4 Rc6 32. e5 Nxg4 33. Qxg4 Rg8 34. e6+ f6
35. Qh3 Rc7 36. Rd3 Qg7 37. Rg3 Qf8 38. Rg6 Rgg7 39. Rxf6 Qd8 40. Rg6 Kg8 41.
Qg4 Nf6 42. Qf4 Nh5 43. Qf3 Qh4 44. Bxg7 Rxg7 45. e7 1-0

[Event "59th World Juniors 2022"]
[Site "Cala Gonone ITA"]
[Date "2022.10.22"]
[Round "11.30"]
[White "Raahul, V S"]
[Black "Siddharth, Jagadeesh"]
[Result "1/2-1/2"]
[WhiteTitle "IM"]
[BlackTitle "IM"]
[WhiteElo "2333"]
[BlackElo "2415"]
[WhiteFideId "25035525"]
[BlackFideId "5818320"]
[EventDate "2022.10.12"]

1. d4 Nf6 2. c4 e6 3. Nc3 Bb4 4. e3 O-O 5. Bd2 d5 6. Nf3 b6 7. cxd5 exd5 8. Rc1
Bb7 9. Bd3 a6 10. O-O Bd6 11. Ne5 c5 12. f4 Nc6 13. Ng4 Be7 14. Nxf6+ Bxf6 15.
dxc5 bxc5 16. b3 Nb4 17. Bb1 a5 18. a3 Na6 19. Na4 Rc8 20. Qe1 Qe7 21. Bxa5 Rfe8
22. Bd2 d4 23. e4 Bxe4 24. Bxe4 Qxe4 25. Qxe4 Rxe4 26. b4 d3 27. Rf3 Rd8 28.
Nxc5 Nxc5 29. bxc5 Bb2 30. Rb1 Bd4+ 1/2-1/2

[Event "59th World Juniors 2022"]
[Site "Cala Gonone ITA"]
[Date "2022.10.22"]
[Round "11.31"]
[White "Lux, Hugo de Melo"]
[Black "Bournel, Antoine"]
[Result "0-1"]
[WhiteTitle "FM"]
[BlackTitle "FM"]
[WhiteElo "2309"]
[BlackElo "2402"]
[WhiteFideId "2138298"]
[BlackFideId "26093553"]
[EventDate "2022.10.12"]

1. e4 e6 2. d4 d5 3. Nc3 Bb4 4. a3 Bxc3+ 5. bxc3 dxe4 6. Qg4 Nf6 7. Qxg7 Rg8 8.
Qh6 c5 9. Ne2 cxd4 10. cxd4 Nc6 11. Bb2 Bd7 12. Ng3 Rc8 13. Qf4 Qb6 14. O-O-O
Nd5 15. Qd6 f5 16. Bc4 Na5 17. Qxb6 Nxb6 18. Ba2 Ba4 19. Rd2 Bb3 20. Kb1 Nac4
21. Rdd1 Nxb2 22. Bxb3 Nxd1 23. Rxd1 Ke7 24. d5 Rgd8 25. c4 Nxc4 26. Ka2 Na5 27.
f3 Nxb3 28. Kxb3 Rxd5 29. Rxd5 exd5 30. Nxf5+ Ke6 31. fxe4 dxe4 32. g4 Ke5 33.
h3 Kf4 34. a4 e3 35. Nd4 Ke4 36. Nf5 e2 37. Nd6+ Kd3 38. Nxc8 e1=Q 39. Nd6 Qb1+
40. Ka3 Kc2 0-1

[Event "59th World Juniors 2022"]
[Site "Cala Gonone ITA"]
[Date "2022.10.22"]
[Round "11.32"]
[White "Oye-Stromberg, Alexander"]
[Black "Milosevic, Milos"]
[Result "1-0"]
[WhiteTitle "FM"]
[BlackTitle "FM"]
[WhiteElo "2233"]
[BlackElo "2379"]
[WhiteFideId "1525999"]
[BlackFideId "964875"]
[EventDate "2022.10.12"]

1. d4 Nf6 2. c4 e6 3. Nf3 d5 4. Nc3 c6 5. e3 Nbd7 6. Qc2 Bd6 7. Bd3 dxc4 8. Bxc4
b5 9. Be2 Bb7 10. O-O O-O 11. e4 e5 12. dxe5 Nxe5 13. Nd4 Neg4 14. g3 Bxg3 15.
hxg3 Qxd4 16. Qd1 Qxd1 17. Rxd1 Rfe8 18. f3 b4 19. Na4 Ne5 20. Kf2 a5 21. b3 Ba6
22. Bxa6 Rxa6 23. Bb2 Ra7 24. Rac1 Nfd7 25. Bd4 Raa8 26. f4 Ng4+ 27. Kf3 Nh2+
28. Kg2 Ng4 29. Bg1 Nf8 30. Kf3 Nf6 31. e5 N6d7 32. Rxc6 Rec8 33. Rxc8 Rxc8 34.
Rd2 Rc6 35. Ke4 f6 36. Rd6 Rc1 37. Be3 Re1 38. e6 f5+ 39. Kf3 Nf6 40. Rd8 1-0

[Event "59th World Juniors 2022"]
[Site "Cala Gonone ITA"]
[Date "2022.10.22"]
[Round "11.33"]
[White "Mladek, Richard"]
[Black "Ansat, Aldiyar"]
[Result "1/2-1/2"]
[WhiteTitle "FM"]
[BlackTitle "IM"]
[WhiteElo "2371"]
[BlackElo "2262"]
[WhiteFideId "386588"]
[BlackFideId "13715658"]
[EventDate "2022.10.12"]

1. d4 Nf6 2. c4 g6 3. Nc3 d5 4. cxd5 Nxd5 5. e4 Nxc3 6. bxc3 Bg7 7. Nf3 c5 8. h3
O-O 9. Be3 Qa5 10. Bd2 e6 11. Be2 Nc6 12. O-O Rd8 13. c4 Qa3 14. d5 Nd4 15. Bg5
Re8 16. d6 Bd7 17. e5 Nxf3+ 18. Bxf3 Bxe5 19. Rb1 Rab8 20. Qe2 Bd4 21. Rfd1 f6
22. Rxd4 cxd4 23. Bxf6 Qxd6 24. Be5 Qc5 25. Rd1 Bc6 26. Bxb8 Bxf3 27. gxf3 e5
28. Rb1 Rxb8 29. Rb5 Qd6 30. Rd5 Qf6 31. Rxe5 Rd8 32. Qe4 d3 33. Rd5 d2 34. Qd3
Rxd5 35. Qxd5+ Qf7 36. Qd8+ Kg7 37. Qd4+ Kg8 38. Qd8+ Kg7 39. Qd4+ 1/2-1/2

[Event "59th World Juniors 2022"]
[Site "Cala Gonone ITA"]
[Date "2022.10.22"]
[Round "11.35"]
[White "Tan, Jun Ying"]
[Black "Utsab, Chatterjee"]
[Result "0-1"]
[WhiteTitle "CM"]
[WhiteElo "2189"]
[BlackElo "2345"]
[WhiteFideId "5710413"]
[BlackFideId "46609148"]
[EventDate "2022.10.12"]

1. d4 d5 2. c4 e6 3. Nc3 Nf6 4. cxd5 exd5 5. Bg5 c6 6. e3 h6 7. Bh4 Be7 8. Bd3
O-O 9. Qc2 Re8 10. Nge2 Nh5 11. Bxe7 Qxe7 12. h3 a5 13. g4 Nf6 14. Ng3 c5 15.
dxc5 Nc6 16. O-O-O Nb4 17. Qd2 Qxc5 18. Kb1 Bd7 19. Nf5 b5 20. Rc1 Qb6 21. Rhg1
Re5 22. f4 Bxf5 23. Bxf5 Qxe3 24. Qxe3 Rxe3 25. g5 hxg5 26. fxg5 Ne4 27. Nxe4
dxe4 28. g6 Nd3 29. Rc7 fxg6 30. Bxg6 Rd8 31. Bf5 Kh8 32. Rcxg7 Re1+ 33. Rxe1
Nxe1 34. Rh7+ Kg8 35. Rd7 Re8 36. Rd1 Nf3 37. Bd7 Re5 38. Rd5 Rxd5 39. Be6+ Kg7
40. Bxd5 Kf6 41. Kc1 Ke5 42. Bc6 b4 43. Kd1 Kf4 44. Bd7 Ke3 45. Bg4 Kf2 46. b3
Nh4 47. Be6 e3 48. Bc4 Ng2 49. Ba6 Nf4 50. h4 Kg3 51. h5 Nxh5 52. Ke2 Kf4 53.
Kd3 Kf3 54. Kd4 Nf4 55. Kc5 e2 56. Bxe2+ Nxe2 57. Kb5 Nc3+ 58. Kxa5 Nxa2 59. Kb5
Ke3 60. Kc4 Kd2 61. Kd4 Kc2 62. Kc4 Kb2 63. Kd3 Nc1+ 64. Kc4 Ka3 65. Kd4 Kxb3
66. Kc5 Kc3 67. Kd5 b3 0-1

[Event "59th World Juniors 2022"]
[Site "Cala Gonone ITA"]
[Date "2022.10.22"]
[Round "11.36"]
[White "Chukavin, Kirill"]
[Black "Brahami, Lamine"]
[Result "1-0"]
[WhiteTitle "FM"]
[BlackTitle "IM"]
[WhiteElo "2384"]
[BlackElo "2188"]
[WhiteFideId "4503023"]
[BlackFideId "7905637"]
[EventDate "2022.10.12"]

1. e4 c5 2. Nc3 d6 3. f4 g6 4. Nf3 Bg7 5. Bc4 e6 6. d4 cxd4 7. Nxd4 a6 8. f5 d5
9. fxe6 dxc4 10. exf7+ Kxf7 11. O-O+ Ke8 12. Nd5 Nc6 13. Nxc6 bxc6 14. Qf3 Be6
15. Bg5 Bd4+ 16. Kh1 Qxg5 17. Nc7+ Kd7 18. Nxe6 Kxe6 19. Qf7+ Kd6 20. Rad1 Kc5
21. b4+ Kb6 22. Qxc4 Rd8 23. Rxd4 Nh6 24. a4 Qe5 25. Rxd8 Rxd8 26. h3 Rd4 27.
Qe2 Qxe4 28. Qf2 Kb7 29. c3 Rd7 30. a5 Nf5 31. Re1 Qd5 32. Qb6+ Kc8 33. Qxa6+
Kc7 34. Qb6+ Kd6 35. Qb8+ Rc7 36. Qf8+ Re7 37. a6 Qd2 38. Rxe7 1-0

[Event "59th World Juniors 2022"]
[Site "Cala Gonone ITA"]
[Date "2022.10.22"]
[Round "11.37"]
[White "Di Benedetto, Edoardo"]
[Black "Avila Rodriguez, Joshua Ad"]
[Result "1/2-1/2"]
[WhiteTitle "IM"]
[BlackTitle "CM"]
[WhiteElo "2396"]
[BlackElo "2225"]
[WhiteFideId "875740"]
[BlackFideId "5126444"]
[EventDate "2022.10.12"]

1. d4 Nf6 2. c4 e6 3. Nf3 d5 4. g3 dxc4 5. Bg2 c5 6. O-O Nc6 7. dxc5 Qxd1 8.
Rxd1 Bxc5 9. Nbd2 c3 10. bxc3 O-O 11. Nb3 Be7 12. Nfd4 Nxd4 13. cxd4 Nd5 14. e4
Nc3 15. Rd2 Bd7 16. Rc2 Rfc8 17. Be3 Bb5 18. Rd2 Ne2+ 19. Kh1 Bb4 20. Rdd1 Nc3
21. Rg1 Bd3 22. a3 Be7 23. f3 b6 24. Rgc1 Ne2 25. Rxc8+ Rxc8 26. Nc1 Rc3 27. Bd2
Rc2 28. Be3 Nxc1 29. Bxc1 b5 30. h4 h5 31. Bf4 Bf6 32. Re1 Bxd4 33. Rd1 Rc3 34.
Bd6 e5 35. Bb4 Rb3 36. Kh2 Bc4 37. f4 f6 38. fxe5 fxe5 39. Bf1 Rb2+ 40. Kh1 Ra2
41. Rc1 a5 42. Rxc4 Ra1 43. Rc8+ Kh7 44. Kg2 axb4 45. axb4 Ra2+ 46. Kh1 Rb2 47.
Bxb5 Rxb4 48. Bc4 Rb1+ 49. Kg2 Rb2+ 50. Kh1 Rb1+ 51. Kg2 Rb2+ 52. Kh1 1/2-1/2